| 000 | 01031nam a2200337 a 4500 | ||
|---|---|---|---|
| 999 |
_c476 _d476 |
||
| 001 | 019362103 | ||
| 003 | UkOxU | ||
| 005 | 20190816080601.0 | ||
| 008 | 100304r20122011enka b 001|0 eng d | ||
| 015 |
_aGBB136867 _2bnb |
||
| 020 |
_a9780431014920 _qhbk. |
||
| 035 | _a(IeDuTC)b145323985 | ||
| 035 | _a(Uk)015776075 | ||
| 040 |
_aStDuBDS _beng _cStDuBDS _dIeDuTC |
||
| 042 | _aukscp | ||
| 082 | 0 | 4 |
_a572.86 RAN _222 |
| 100 | 1 |
_aRand, Casey. _eauthor |
|
| 245 | 1 | 0 |
_aDNA and heredity / _cCasey Rand. |
| 260 |
_aOxford : _bRaintree, _c2012. |
||
| 300 |
_a48 p. : _bill. (chiefly col.) ; _c25 cm. |
||
| 490 | 1 | _aInvestigating cells | |
| 500 | _aOriginally published: Capstone Global Library Ltd, 2011. | ||
| 504 | _aIncludes bibliographical references and index. | ||
| 521 | 2 | _aKey Stage 3. | |
| 650 | 0 |
_aDNA _vJuvenile literature. |
|
| 650 | 0 |
_aHeredity _vJuvenile literature. |
|
| 650 | 0 |
_aGenetics _vJuvenile literature. |
|
| 830 | 0 | _aInvestigating cells. | |
| 942 |
_2ddc _cNFIC |
||